Young Lawrence : (Record no. 492672)
[ view plain ]
| 000 -LEADER | |
|---|---|
| fixed length control field | 01482nam a22002297a 4500 |
| 003 - CONTROL NUMBER IDENTIFIER | |
| control field | OSt |
| 005 - DATE AND TIME OF LATEST TRANSACTION | |
| control field | 20260511145414.0 |
| 008 - FIXED-LENGTH DATA ELEMENTS--GENERAL INFORMATION | |
| fixed length control field | 260511b |||||||| |||| 00| 0 eng d |
| 020 ## - INTERNATIONAL STANDARD BOOK NUMBER | |
| International Standard Book Number | 9781848549111 |
| 040 ## - CATALOGING SOURCE | |
| Original cataloging agency | Kenya National Library Service |
| 082 ## - DEWEY DECIMAL CLASSIFICATION NUMBER | |
| Classification number | 923.5 SAT |
| 100 ## - MAIN ENTRY--PERSONAL NAME | |
| Personal name | Sattin, Anthony |
| 245 ## - TITLE STATEMENT | |
| Title | Young Lawrence : |
| Remainder of title | a portrait of the legend as a young man / |
| Statement of responsibility, etc. | Anthony Sattin. |
| 300 ## - PHYSICAL DESCRIPTION | |
| Extent | xiii, 316 pages : |
| Other physical details | illustarions, map ; |
| Dimensions | 19 cm |
| 504 ## - BIBLIOGRAPHY, ETC. NOTE | |
| Bibliography, etc. note | Includes bibliographical references and index |
| 520 ## - SUMMARY, ETC. | |
| Summary, etc. | The book is a biographical study of the early life of T. E. Lawrence, before he became widely known as “Lawrence of Arabia.” The book traces Lawrence’s upbringing, education at Oxford, and his developing fascination with the Middle East through archaeology and travel. It explores how his academic interests, personality, and early field experiences in places like Syria shaped his understanding of Arab culture and politics. Sattin focuses on the formative years that led to Lawrence’s later role in the Arab Revolt during World War I, showing how his intellectual curiosity, emotional complexity, and sense of purpose gradually combined to create the figure who would become a legendary military and political agent. |
| 650 ## - SUBJECT ADDED ENTRY--TOPICAL TERM | |
| Topical term or geographic name entry element | Lawrence, T. E. (Thomas Edward), 1888–1935 -- Biography |
| 650 ## - SUBJECT ADDED ENTRY--TOPICAL TERM | |
| Topical term or geographic name entry element | British military officers -- Biography |
| 942 ## - ADDED ENTRY ELEMENTS (KOHA) | |
| Source of classification or shelving scheme | Dewey Decimal Classification |
| Koha item type | Books |
| Suppress in OPAC | No |
| Withdrawn status | Source of classification or shelving scheme | Damaged status | Not for loan | Home library | Current library | Date acquired | Source of acquisition | Cost, normal purchase price | Total checkouts | Full call number | Barcode | Date last seen | Price effective from | Koha item type |
|---|---|---|---|---|---|---|---|---|---|---|---|---|---|---|
| Dewey Decimal Classification | Buru Buru Library | Acquisition, Cataloguing, Classification and Distribution Development | 05/11/2026 | BAI | 1374.00 | 923.5 SAT | B231942 | 05/11/2026 | 05/11/2026 | Books |
